| 000 | 01612cam a2200337 a 4500 | ||
|---|---|---|---|
| 001 | 656450888 | ||
| 003 | OCoLC | ||
| 005 | 20150408114109.0 | ||
| 008 | 101028s2011 nyua e 001 0 eng | ||
| 010 | _a2010042718 | ||
| 015 |
_aGBB0B2932 _2bnb |
||
| 020 | _a9780071748049 (pbk.) | ||
| 020 | _a0071748040 (pbk.) | ||
| 035 |
_a(OCoLC)656450888 _z(OCoLC)665135718 |
||
| 040 |
_aDLC _cDLC _dYDX _dBTCTA _dYDXCP _dUKM _dCBL |
||
| 050 | 0 | 0 |
_aQA76.76.H94 _bC67 2011 |
| 082 |
_a006.74 _bCLH |
||
| 092 |
_a006.74 _bC851h |
||
| 100 | 1 |
_aCottrell, Lee. _94801 |
|
| 245 | 1 | 0 |
_aHTML & XHTML demystified / _cLee M. Cottrell. |
| 246 | 3 | _aHTML and XHTML demystified. | |
| 260 |
_aNew York : _bMcGraw-Hill, _cc2011. |
||
| 300 |
_axxii, 375 p. : _bill. ; _c24 cm. |
||
| 500 | _aIncludes index. | ||
| 520 | _a"Now you can build your own websites in no time using the latest techniques. HTML & XHTML DeMYSTiFieD gives you the hands-on help you need to get started. Written in a step-by-step format, this practical guide shows you how to create a web page right away. Then, you'll learn how to add color and graphics; incorporate links; create lists, tables, and forms; and add multimedia elements. Key technologies such as CSS, JavaScript, and DHTML are also covered. Detailed examples and concise explanations make it easy to understand the material, and end-of-chapter quizzes and a final exam help reinforce learning"-- | ||
| 650 | 0 | _aHTML (Document markup language) | |
| 650 | 0 | _aXHTML (Document markup language) | |
| 650 | 0 |
_aHypertext systems. _919428 |
|
| 650 | 0 |
_aWeb sites _xDesign. _94689 |
|
| 942 |
_2ddc _cDVD |
||
| 999 |
_c26775 _d261275 |
||